भारत में अलगाववाद और धर्म (Record no. 295472)

MARC details
000 -LEADER
fixed length control field 01143nam a2200253Ia 4500
003 - CONTROL NUMBER IDENTIFIER
control field OSt
005 - DATE AND TIME OF LATEST TRANSACTION
control field 20220923211120.0
008 - FIXED-LENGTH DATA ELEMENTS--GENERAL INFORMATION
fixed length control field 220922b |||||||| |||| 00| 0 hin d
020 ## - INTERNATIONAL STANDARD BOOK NUMBER
International Standard Book Number 8181435478 (hbk)
037 ## - SOURCE OF ACQUISITION
Terms of availability Textual
040 ## - CATALOGING SOURCE
Original cataloging agency ARTS
Transcribing agency ARTS
Language of cataloging hin
041 ## - LANGUAGE CODE
Source of code hin
Language code of text/sound track or separate title hin
100 ## - MAIN ENTRY--PERSONAL NAME
Personal name शम्सुल इस्लाम; गताडे, सुभाष, अनु.
9 (RLIN) 158380
245 #0 - TITLE STATEMENT
Title भारत में अलगाववाद और धर्म
Remainder of title राष्ट्रीय स्वयंसेवक संघ का एक अध्ययन
246 ## - VARYING FORM OF TITLE
Title proper/short title Bhārat mean alagāvavād aur dharma: rāṣhṭrīya svayansevak sangha kā ek adhyayana
260 ## - PUBLICATION, DISTRIBUTION, ETC.
Place of publication, distribution, etc. नई दिल्ली
Name of publisher, distributor, etc. वाणी प्रकाशन
Date of publication, distribution, etc. 2006
300 ## - PHYSICAL DESCRIPTION
Extent 247पृ.
Dimensions cm.
942 ## - ADDED ENTRY ELEMENTS (KOHA)
Classification part V2,4N25.N9, 152P6
Koha item type Textual
Source of classification or shelving scheme Colon Classification (CC)
Holdings
Withdrawn status Lost status Damaged status Not for loan Home library Current library Date acquired Source of acquisition Cost, normal purchase price Total Checkouts Full call number Barcode Date last seen Cost, replacement price Price effective from Koha item type
        Arts Library Arts Library 2022-09-23 389, 29/01/2009, Vani Prakashan 250.00   V2,4N25.N9 152P6 AL1347504 2022-09-23 250.00 2022-09-23 Textual
Copyright @ Delhi University Library System